00490nam a2200193 a 4500001001300000003000900013005001700022008004100039020002500080082001300105100001600118245003100134260004000165300000900205500003500214505001000249650002100259700001600280nice12345678IN_TiNIC20260116014935.0050524s1988 jeda grp 000 0 eng  a0340972 c166.500a231bYOU aYoung, John aOur God Is Still Too Samll aJeddahbHodder and Stoughton c1988 a190p aincludes index and biblioraphy2 aIndex aGod-Christianity1 aYoung, John